Nordic Inventions - Statistics

General Stats
  • This quiz has been taken 307 times
  • The average score is 14 of 20
Answer Stats
Hint Answer % Correct
Traditional steam bath Sauna
97%
Huge furniture retailer IKEA
96%
Discovery of this huge island by Erik the Red Greenland
94%
Colourful plastic bricks Lego
94%
Island nation settled by Vikings in 874 Iceland
93%
International award for physics, literature, medicine, etc... Nobel Prize
92%
Finnish mobile phone company Nokia
84%
Explosive made of nitroglycerin Dynamite
83%
"Discovery" of this U.S. state by Vitus Bering Alaska
81%
Roald Amundsen was the first person to reach this place South Pole
80%
Type of park for rides and games Amusement Park
70%
Wireless technology that shares data Bluetooth
70%
Operating system created by Linus Torvalids Linux
66%
Epic stories of the Viking Age Saga
64%
Temperature unit with °C as its symbol Celcius
61%
The "three-point" version of this safety item in a car Seatbelt
57%
Sport of skiing and rifle shooting Biathlon
54%
Most famous vodka brand Absolut
50%
The web-mapping of this company Google
40%
Form of philosophy Søren Kierkegaard used to practice Existentialism
17%
No matching quizzes found
Score Distribution
Percent of People with Each Score
Percentile by Number Answered
Your Score History
You have not taken this quiz